Erken uyarı (Record no. 7379)

MARC details
000 -BAŞLIK
Sabit Uzunlukta Kontrol Alanı 01051na a2200325 4500
001 - KONTROL NUMARASI
Denetim Alanı 23391
003 - KONTROL NUMARASI IDENTIFIER
Denetim Alanı MIRAKIL
005 - SON İŞLEM TARİHİ VE ZAMANI
Denetim Alanı 20181213155137.0
008 - SABİT-BOY VERİ ELEMANLARI - GENEL BİLGİLER
Sabit Uzunlukta Kontrol Alanı 170922b tu 000 0
020 ## - ULUSLARARASI STANDART KİTAP NUMARASI
Uluslararası Standart Kitap Numarası 9789944612012
040 ## - KATALOGLAMA KAYNAK
Orijinal Kataloglama Ajansı Milas
Kataloglama Dili tur
Metne Dönüştürmek Ajansı TR-AnCHP
041 ## - DİL KODU
Metin / Ses Parça Veya Ayrı Başlığın Dil Kodu tur
082 ## - DEWEY ONLU SINIFLANDIRMA NUMARASI
Sınıflandırma Numarası 320.9561
Ürün Numarası A81e 22017
090 ## - SINIFLAMA NUMARASI
Sınıflama Numarası 320.9561 A81e 22017
100 ## - ANA GİRİŞ - KİŞİSEL İSİM
Kişisel Ad Avcı, Hanefi
245 ## - BAŞLIK TABLOSU
Başlık Erken uyarı
Başlığın Kalan Devlet bilgisi
Sorumluluk Tablosu, Vb Hanefi Avcı
246 ## - UNVAN FORM VARYING
Başlık Doğru / Kısa Başlığı Devlet bilgisi
260 ## - YAYIN, DAĞITIM, VB
Yayın, Dağıtım, Vb Yeri İstanbul
Yayıncı, Dağıtıcı, Vs Adı Tekin Yayınevi
Yayın, Dağıtım, Vb Tarihi 2017
Üretici Firma Yaylacık matbaacılık
300 ## - FİZİKSEL TANIM
Kapsam 583 s.
Boyutlar 21 sm.
440 ## - SERİSİ TABLOSU / KATMA GİRİŞİ - BAŞLIK
Başlık Tekin yayınevi
Hacim / Ardışık Tanımı 651
650 ## - KONU KATMA GİRİŞ - TOPİKAL DÖNEM
Topikal Süreli Veya Coğrafi Ad Giriş Elemanı Anayasa değişikliği
Genel Alt Bölümü Referandum, 2017
650 ## - KONU KATMA GİRİŞ - TOPİKAL DÖNEM
Topikal Süreli Veya Coğrafi Ad Giriş Elemanı Türkiye
Genel Alt Bölümü Siyasal yaşam
Kronolojik Alt Bölümü Anayasa değişikliği, 2017
650 ## - KONU KATMA GİRİŞ - TOPİKAL DÖNEM
Topikal Süreli Veya Coğrafi Ad Giriş Elemanı Fethullahçı Terör Örgütü (FETÖ)
Genel Alt Bölümü 15 Temmuz 2016
650 ## - KONU KATMA GİRİŞ - TOPİKAL DÖNEM
Topikal Süreli Veya Coğrafi Ad Giriş Elemanı Gülen cemaati
Form Alt Bölümü 15 Temmuz 2016
650 ## - KONU KATMA GİRİŞ - TOPİKAL DÖNEM
Topikal Süreli Veya Coğrafi Ad Giriş Elemanı Siyaset ve din
Genel Alt Bölümü Türkiye
650 ## - KONU KATMA GİRİŞ - TOPİKAL DÖNEM
Topikal Süreli Veya Coğrafi Ad Giriş Elemanı Siyaset ve yönetim
Genel Alt Bölümü AKP iktidarı
Kronolojik Alt Bölümü Dış politika
650 ## - KONU KATMA GİRİŞ - TOPİKAL DÖNEM
Topikal Süreli Veya Coğrafi Ad Giriş Elemanı Siyaset ve yönetim
Genel Alt Bölümü Türkiye
740 ## - KATMA GİRİŞ - KONTROLSUZ İLGİLİ / ANALİTİK BAŞLIK
Kontrol Edilmeyen / İlgili Analitik Başlıktaki Devlet bilgisi
942 ## - EKLENDİ GİRİŞ ELEMANLARI (KOHA)
Sınıflandırma Veya Raf Düzeni Kaynak Dewey Decimal Classification
Koha Öğesi Türü Books
999 ## - SİSTEM KONTROL NUMARALARI (KOHA)
Koha Biblionumber 7379
Koha Biblioitemnumber 7379
Holdings
Kalıcı Konum Mevcut Konum Edinme Tarihi Edinim Kaynak Toplam Check-Out'Lar Tam Çağrı Numarası Barkod Tarih Son Görülme İtibaren Geçerli Fiyatlar Koha Öğesi Türü
CHP Kütüphanesi CHP Kütüphanesi 09/22/2017 Bağış   320.9561 A81e 22017 017375 09/22/2017 09/22/2017 Books